000
00314nam a2200121Ia 4500
005
20260328104257.0
008
260328s9999||||xx |||||||||||||| ||und||
100
_a
Rojas, Edward
245
0
_a
Marilyn ChiloƩ :
_b
Patrimonio de la Humanidad /
_c
Edward Rojas
260
_b
MAM Chiloe
650
_a
ARTE
942
_c
BK
999
_c
10486
_d
10486